000 00374nam a22001577a 4500
003 OSt
005 20260102110514.0
007 237 pages
008 260102b |||||||| |||| 00| 0 eng d
020 _a9788190565509
040 _c
082 _a150
_bGAV
245 _aThe power is within you
_cHay,Louise
260 _bHay house India
_c1991
942 _2ddc
_cBK
_k150/HAY
_n0
999 _c36301
_d36301